000 00656nam a22002177a 4500
003 UA-OsUOA
001 16844
007 ta
008 20031028b un ||||| |||| 00| 0 ukr d
090 _bК-78
942 _cBK
040 _aUA-OsUOA
_bukr
_cUA-OsUOA
_dUA-OsUOA
245 _aКраса рукотворного парку
_b20-річчю заснування Березнівського держ. дендрологічного парку присвячується
300 _a19 с.
955 _a0
041 _aukr
591 _a26.890(4Укр-4Рів)
260 _aРівне
_c1999
044 _aUA
650 7 _aДендропарки
_2UDC
999 _c303011
_d303011